|
003 -Nazwa inst., której nr kontr. jest w polu 001 [,]
|
-
- @
- Nazwa instytucji, której n kontrolny jest w polu 001
- NUKAT
|
|
005 -DATA I CZAS OSTATNIEJ MODYFIKACJI [,]
|
-
- @
- pole kontrolne
- 20241231104013.0
|
|
020 -Międzynarod. znormalizowany nr książki - ISBN [ , ]
|
-
- a
- Numer ISBN
- 8385773789
|
|
040 -Instytucja sporządzająca opis [ , ]
|
-
- a
- Instytucja, która sporządziła opis (NP)
- KR U/MZ
-
- b
- Język katalogowania
- pol
-
- e
- Zasady katalogowania
- rda
-
- c
- Instytucja, która sporządziła rekord (NP)
- KR U/MZ
-
- d
- Instytucja, która zmodyfikowała rekord (P)
- KR U/MZ
-
- d
- Instytucja, która zmodyfikowała rekord (P)
- POZN U/AC
-
- d
- Instytucja, która zmodyfikowała rekord (P)
- WR O/KKs
-
- d
- Instytucja, która zmodyfikowała rekord (P)
- WR O/GWs
-
- d
- Instytucja, która zmodyfikowała rekord (P)
- KR 122/TZ
-
- d
- Instytucja, która zmodyfikowała rekord (P)
- SZCZ U/AB
|
|
942 -Rodzaj dokumentu [ , ]
|
-
- c
- Rodzaj dokumentu
- Książka
|
|
650 -Hasło przedmiotowe [ ,7]
|
-
- a
- Hasło przedmiotowe
- Turystyka
-
- z
- Określnik geograficzny
- Polska
-
- z
- Określnik geograficzny
- Ślęża (góra)
-
- v
- Określnik formalny
- słowniki.
-
-
|
|
650 -Hasło przedmiotowe [ ,7]
|
-
- a
- Hasło przedmiotowe
- Turystyka
-
- z
- Określnik geograficzny
- Polska
-
- z
- Określnik geograficzny
- Świdnicka, Równina
-
- v
- Określnik formalny
- słowniki.
-
-
|
|
650 -Hasło przedmiotowe [ ,7]
|
-
- a
- Hasło przedmiotowe
- Turystyka
-
- z
- Określnik geograficzny
- Polska
-
- z
- Określnik geograficzny
- Dzierżoniowska, Kotlina
-
- v
- Określnik formalny
- słowniki.
-
-
|
|
651 -Hasło przedmiotowe w formie nazwy geograficznej [ ,7]
|
-
- a
- Nazwa geograficzna
- Ślęża (Polska ; góra)
-
- v
- Określnik formalny
- spisy geograficzne.
-
-
|
|
651 -Hasło przedmiotowe w formie nazwy geograficznej [ ,7]
|
-
- a
- Nazwa geograficzna
- Świdnicka, Równina (Polska)
-
- v
- Określnik formalny
- spisy geograficzne.
-
-
|
|
651 -Hasło przedmiotowe w formie nazwy geograficznej [ ,7]
|
-
- a
- Nazwa geograficzna
- Dzierżoniowska, Kotlina (Polska)
-
- v
- Określnik formalny
- spisy geograficzne.
-
-
|
|
651 -Hasło przedmiotowe w formie nazwy geograficznej [ ,7]
|
-
- a
- Nazwa geograficzna
- Ślęża (Polska ; góra)
-
- v
- Określnik formalny
- słowniki.
-
-
|
|
651 -Hasło przedmiotowe w formie nazwy geograficznej [ ,7]
|
-
- a
- Nazwa geograficzna
- Świdnicka, Równina (Polska)
-
- v
- Określnik formalny
- słowniki.
-
-
|
|
651 -Hasło przedmiotowe w formie nazwy geograficznej [ ,7]
|
-
- a
- Nazwa geograficzna
- Dzierżoniowska, Kotlina (Polska)
-
- v
- Określnik formalny
- słowniki.
-
-
|
|
700 -Hasło dodatkowe - nazwa osobowa [1, ]
|
-
- a
- Nazwa osobowa (NP)
- Staffa, Marek
-
- d
- Daty biograficzne (NP)
- (1942- ).
-
- e
- Określenie rodzaju współpracy
- Redakcja
-
- e
- Określenie rodzaju współpracy
- Autor
-
|
|
700 -Hasło dodatkowe - nazwa osobowa [1, ]
|
-
- a
- Nazwa osobowa (NP)
- Mazurski, Krzysztof Radosław
-
- d
- Daty biograficzne (NP)
- (1946-2016).
-
- e
- Określenie rodzaju współpracy
- Autor
-
|
|
700 -Hasło dodatkowe - nazwa osobowa [1, ]
|
-
- a
- Nazwa osobowa (NP)
- Czerwiński, Janusz
-
- d
- Daty biograficzne (NP)
- (1936-2018).
-
- e
- Określenie rodzaju współpracy
- Autor
-
|
|
700 -Hasło dodatkowe - nazwa osobowa [1, ]
|
-
- a
- Nazwa osobowa (NP)
- Pisarski, Grzegorz
-
- d
- Daty biograficzne (NP)
- (1956-2019).
-
- e
- Określenie rodzaju współpracy
- Autor
-
|
|
710 -Hasło dodatkowe - nazwa ciała zbiorowego [2, ]
|
-
- a
- Nazwa ciała zbiorowego lub nazwa geograficzna jako pierwszy element (NP)
- "I-BiS" Usługi Komputerowe, Wydawnictwo.
-
- e
- Rodzaj współpracy
- Wydawca
-
-
|